header

Acceptance and commitment therapy (Record no. 91723)

MARC details
000 -LEADER
fixed length control field 01245nam a2200301 a 4500
245 00 - TITLE STATEMENT
Title Acceptance and commitment therapy
250 ## - EDITION STATEMENT
Edition statement 1st ed.
260 ## - PUBLICATION, DISTRIBUTION, ETC. (IMPRINT)
Place of publication Bowen Hills, Qld. :
Name of publisher Australian Academic Press,
Year of publication 2009.
300 ## - PHYSICAL DESCRIPTION
Number of Pages xi, 336 p. :
Other physical details ill. (some col.)
650 #0 - SUBJECT ADDED ENTRY--TOPICAL TERM
Topical Term Acceptance and commitment therapy.
700 1# - ADDED ENTRY--PERSONAL NAME
Personal name Blackledge, J. T.
Personal name Ciarrochi, Joseph.
Personal name Deane, Frank P.
856 40 - ELECTRONIC LOCATION AND ACCESS
Uniform Resource Identifier http://site.ebrary.com/lib/rucke/Doc?id=10551727

No items available.

© 2026 Rongo University
Contact us: librarian | system librarian | Rongo university